| 000 | 01234nam a2200301 a 4500 | ||
|---|---|---|---|
| 001 | vtls001479653 | ||
| 003 | NLI | ||
| 005 | 20210627132008.0 | ||
| 008 | 121207s1980 wau f000 0 eng | ||
| 039 | 9 |
_y201212071730 _zVLOAD |
|
| 040 |
_aNLI _beng _cDatasoft_FOD _eAACR2 |
||
| 041 | 0 | _aeng | |
| 044 | _a wau | ||
| 082 | 0 | 4 | _a 363.349360977 |
| 110 | 1 |
_aUnited States. _bCongress. _bSenate. _bCommittee on Appropriations. _bSubcommittee on Energy and Water Development _9715899 |
|
| 245 | 1 | 0 |
_aOld River control structure, Louisiana : _bhearing before a subcommittee of the Committee on Appropriations, United States Senate, Ninety-sixth Congress, second session : special hearing, Corps of Engineers--civil nondepartmental witnesses |
| 260 |
_aWashington : _bU.S. Government Printing Office, _c1980 |
||
| 300 |
_aiii, 58 p. ; _c24 cm. |
||
| 650 | 0 |
_aFlood control _zMississippi River _91020470 |
|
| 650 | 0 |
_aFlood control _zLouisiana _zAtchafalaya River _91020471 |
|
| 651 | 0 |
_aMississippi River _xChannelization _91020472 |
|
| 651 | 0 |
_aAtchafalaya River (La.) _xChannelization _91020473 |
|
| 887 | _a | ||
| 901 |
_aAD 6766 _b04.12.2010 |
||
| 902 | _aU.S 363.349360977 Un 3 | ||
| 904 | _lH 5516 | ||
| 999 |
_aVIRTUA40 _c929366 _d929366 |
||
| 942 |
_2ddc _cBKS |
||